Ca thư Những câu hát của người Sán chay (phiên âm - dịch nghĩa - giới thiệu)

Bewaard in:
Bibliografische gegevens
Hoofdauteur: Đỗ Thị Hảo
Formaat: Boek
Taal:Vietnamese
Gepubliceerd in: H. Đaih học Quốc gia 2011
Onderwerpen:
Tags: Voeg label toe
Geen labels, Wees de eerste die dit record labelt!
Thư viện lưu trữ: Mạng thư viện Đại học Đà Nẵng
LEADER 01272aam a22003618a 4500
001 000016189
003 12583
005 20120726150741.0
008 120725s2011 viesd
020 |d 2000b 
041 0 |a vie 
082 1 4 |2 14  |a 305.89591  |b ĐÔ-H 
100 0 |a Đỗ Thị Hảo 
245 0 0 |a Ca thư  |b Những câu hát của người Sán chay (phiên âm - dịch nghĩa - giới thiệu)  |c Đỗ Thị Hảo (chủ biên) 
260 |a H.  |b Đaih học Quốc gia  |c 2011 
300 |a 601 tr  |c 21cm 
500 |a ĐTTS ghi: Hội Văn nghệ dân gian Việt Nam 
546 |a Chính văn bằng 2 thứ tiếng: Việt - Ba Na 
650 7 |2 Bộ TK TVQG 
650 7 |2 Bộ TK TVQG 
651 7 |2 Bộ TK TVQG  |a Việt Nam 
653 |a ca thư 
655 7 |2 Bộ TK TVQG  |a Sử thi 
OWN |a LSP 
AVA |a UDN50  |b LSP  |d 305.89591 ĐÔ-H  |e available  |t Error 5001 Not defined in file expand_doc_bib_avail.  |f 1  |g 0  |h N  |i 0  |k 1 
999 |a From the UDN01 
AVA |a UDN50  |b LSP  |d 305.89591 ĐÔ-H  |e available  |t Error 5001 Not defined in file expand_doc_bib_avail.  |f 1  |g 0  |h N  |i 0  |k 1 
TYP |a Monograph 
TYP |a Printed language 
980 |a Mạng thư viện Đại học Đà Nẵng